|
|
|
|
| LEADER |
01250nam a2200385 a 4500 |
| 001 |
nkc20071751903 |
| 003 |
CZ PrNK |
| 005 |
20080618082018.0 |
| 007 |
ta |
| 008 |
070917s2007 xr a b 000 f cze |
| 015 |
|
|
|a cnb001751903
|
| 020 |
|
|
|a 978-80-7267-300-1
|q (kroužková vazba)
|
| 035 |
|
|
|a (OCoLC)228777935
|
| 040 |
|
|
|a ABA001
|b cze
|
| 072 |
|
7 |
|a 821-93
|x Literatura pro děti a mládež (beletrie)
|2 Konspekt
|9 26
|
| 080 |
|
|
|a 821-93
|2 MRF
|
| 080 |
|
|
|a 821-34
|2 MRF
|
| 080 |
|
|
|a (0:82-34)
|2 MRF
|
| 100 |
1 |
|
|a Benešová, Alena
|7 jk01011655
|4 aut
|
| 245 |
1 |
0 |
|a Princezny /
|c [text Alena Benešová]
|
| 260 |
|
|
|a Říčany :
|b Junior,
|c c2007
|
| 300 |
|
|
|a [18] s. :
|b barev. il. ;
|c 21 x 24 cm
|
| 490 |
1 |
|
|a Kniha se šablonami
|
| 500 |
|
|
|a Obsahuje prázdné listy s průřezy šablon
|
| 521 |
8 |
|
|a Určeno dětem od 3 let
|
| 655 |
|
7 |
|a pohádky
|7 fd133054
|2 czenas
|
| 655 |
|
7 |
|a publikace pro děti
|7 fd133156
|2 czenas
|
| 655 |
|
9 |
|a fairy tales
|2 eczenas
|
| 655 |
|
9 |
|a children's literature
|2 eczenas
|
| 830 |
|
0 |
|a Kniha se šablonami
|0 s
|
| 910 |
2 |
|
|a BOA001
|b 2-1203.168
|
| 990 |
|
|
|a BK
|
| 995 |
|
|
|a 01
|
| 991 |
|
|
|b 200805
|
| 996 |
6 |
|
|b 2610341385
|c 2-1203.168
|l MZK
|r Sklad / do 1 hodiny
|n 0
|p p.v.
|w 000888049
|u 000010
|a 1
|e BOA001
|j MZK50
|s P
|